000 00679nam a2200265Ia 4500
005 20260121171617.0
008 008 260114s9999 xx 000 0 eng d
020 _a9783030339128
037 _aEBOOK
040 _aCRL
040 _beng
040 _cCRL
041 _2eng
041 _aeng
084 _qCRL
100 _aThomas L. Spalding, James M. Stedman, Christina L. Gagné, Matthew Kostelecky
_91078327
245 4 _aThe Human Person
260 _bSpringer
260 _bSpringer
260 _c2019
856 _uhttps://link.springer.com/openurl?genre=book&isbn=978-3-030-33912-8
942 _cEBOOK
999 _c1644058
_d1644058